Personalities of Argentina (20th century) - Statistics

General Stats
  • This quiz has been taken 8 times
  • The average score is 13 of 28
Answer Stats
Picture Answer % Correct
Diego Maradona
100%
Juan Domingo Peron
100%
"Che" Guevara
63%
Eva Duarte de Peron
63%
Juan Manuel Fangio
63%
Maria Elena Walsh
63%
Carlos Gardel
50%
Gustavo Cerati
50%
Jorge Luis Borges
50%
Mercedes Sosa
50%
Mirtha Legrand
50%
Susana Gimenez
50%
Atahualpa Yupanqui
38%
Carlos Menem
38%
Ernesto Sabato
38%
Gabriela Sabatini
38%
Julio Cortazar
38%
"Palito" Ortega
38%
Rene Favaloro
38%
Sandro
38%
Astor Piazzolla
25%
Carlos Monzón
25%
"Coca" Sarli
25%
Marta Minujín
25%
Norma Aleandro
25%
Osvaldo Pugliese
25%
Rodolfo Walsh
25%
"Tita" Merello
25%
No matching quizzes found
Score Distribution
Percent of People with Each Score
Percentile by Number Answered
Your Score History
You have not taken this quiz